Normal view
MARC view
Entry Meeting Name
001 - CONTROL NUMBER
- control field: 31700
003 - CONTROL NUMBER IDENTIFIER
- control field: OSt
005 - DATE AND TIME OF LATEST TRANSACTION
- control field: 20211105135449.0
008 - FIXED-LENGTH DATA ELEMENTS
- fixed length control field: 211105|| aca||aabn | a|a d
040 ## - CATALOGING SOURCE
- Original cataloging agency: OSt
- Transcribing agency: OSt
111 ## - HEADING--MEETING NAME
- Meeting name or jurisdiction name as entry element: Symposium on Mapping the Galaxy and Nearby Galaxies
- Location of meeting: Japan
- Date of meeting or treaty signing: 2006 June 26 -June 30
670 ## - SOURCE DATA FOUND
- Source citation: Work cat.: (OSt): Symposium on Mapping the Galaxy and Nearby Galaxies Japan 2006 June 26 -June 30, Mapping the galaxy and nearby galaxies, 2008